Curso de mecánica racional

Tallennettuna:
Bibliografiset tiedot
Päätekijä: González, Luis
Aineistotyyppi: Kirja
Kieli:Spanish
Julkaistu: San José, Costa Rica. : Librería Lehmann. 1944
Aiheet:
Tagit: Lisää tagi
Ei tageja, Lisää ensimmäinen tagi!

MARC

LEADER 00000nam a2200000Ia 4500
003 001880
005 20221231143949.0
008 140114s1944 cr a 000 ||spa d
040 |c cru CEDI 
082 |a 621.2 G643c 
100 |a González, Luis  |9 20896 
245 |a Curso de mecánica racional 
260 |a  San José, Costa Rica. : Librería Lehmann.  |c 1944 
300 |a  volúmenes : ilustraciones 
500 |a A la cabeza de la portada: Universidad de Costa Rica. Escuela de Ingeniería. 
501 |a Fascículo quinto. Mecánica de los fluidos. 
650 |x MECANICA DE FLUIDOS  |9 20898 
942 |2 ddc  |c BK 
999 |c 14895  |d 14895